书目信息 |
| 题名: |
住房公积金个人住房贷款业务规范
|
|
| 作者: | 中华人民共和国住房和城乡建设部 | |
| 分册: | ||
| 出版信息: | 北京 中国建筑工业出版社 2018.01 |
|
| 页数: | 98页 | |
| 开本: | 20cm | |
| 丛书名: | ||
| 单 册: | ||
| 中图分类: | F832.21-65 | |
| 科图分类: | ||
| 主题词: | 金融 , 银行 | |
| 电子资源: | ||
| ISBN: | ||
| 000 | 00750nam0 2200205 45 | |
| 001 | 1935482930 | |
| 005 | 20190321161100.47 | |
| 010 | @dCNY 24.00 | |
| 100 | @a20190313d2018 km y0chiy0120 ea | |
| 101 | 0 | @achi |
| 102 | @aCN@b110000 | |
| 200 | 1 | @a住房公积金个人住房贷款业务规范@Azhu fang gong ji jin ge ren zhu fang dai kuan ye wu gui fan@f中华人民共和国住房和城乡建设部@Fzhong hua ren min gong he guo zhu fang he cheng xiang jian she bu |
| 210 | @a北京@c中国建筑工业出版社@d2018.01 | |
| 215 | @a98页@d20cm | |
| 606 | 0 | @a金融 |
| 606 | 0 | @a银行 |
| 690 | @aF832.21-65@v4 | |
| 701 | 0 | @a中华人民共和国住房和城乡建设部@Azhong hua ren min gong he guo zhu fang he cheng xiang jian she bu |
| 801 | 0 | @aCN@bPFT@c20190321 |
| 905 | @a10447@dF832.21-65@eZ9111 | |
| 住房公积金个人住房贷款业务规范/中华人民共和国住房和城乡建设部.-北京:中国建筑工业出版社,2018.01 |
| 98页;20cm |
| ISBN :CNY 24.00 |
| ● |
| 相关链接 |
|
|
|
正题名:住房公积金个人住房贷款业务规范
索取号:F832.21-65/Z9111
 
预约/预借
| 序号 | 登录号 | 条形码 | 馆藏地/架位号 | 状态 | 备注 |
| 1 | 1244677 | 212446771 | 社科库409/409社科库 54排2列3层/ [索取号:F832.21-65/Z9111] | 在馆 |